000 00311nam a22001337a 4500
020 _a9788178263403
082 _a823
_bCLA/B
100 _aCHARLES DICKENS
245 _aBEST GHOST STORIES - II
260 _aDELHI
_bROHAN BOOK COMPANY
_c2003
300 _a223
650 _aMODERN ILLUSTRATED CLASSICS
942 _cBK
999 _c285
_d285